ADOLESCENT GIRL AN UPDATE / (Record no. 796189)

MARC details
000 -LEADER
fixed length control field 00496pam a2200181 a 4500
020 ## - INTERNATIONAL STANDARD BOOK NUMBER
International Standard Book Number 8180612945
Terms of availability 250.00
041 ## - LANGUAGE CODE
Language code of text/sound track or separate title eng
Language code of original NULL
082 ## - DEWEY DECIMAL CLASSIFICATION NUMBER
Classification number 618.2
Item number KOT/SAL
100 ## - MAIN ENTRY--PERSONAL NAME
Personal name KOTDAWALA, P .
245 ## - TITLE STATEMENT
Title ADOLESCENT GIRL AN UPDATE /
Statement of responsibility, etc. NULL.
Medium Textual Documents
260 ## - PUBLICATION, DISTRIBUTION, ETC.
Place of publication, distribution, etc. NULL :
Name of publisher, distributor, etc. JAYPEE BROTHERS MEDICAL PUB. ,
Date of publication, distribution, etc. 2004.
300 ## - PHYSICAL DESCRIPTION
Extent 269 :
Other physical details X ;
Dimensions NULL .
365 ## - TRADE PRICE
Price type code 250.00
650 ## - SUBJECT ADDED ENTRY--TOPICAL TERM
Topical term or geographic name entry element OBST.GYNE
700 ## - ADDED ENTRY--PERSONAL NAME
Personal name SALVI, V .
-- KRISHNA, V .
930 ## - EQUIVALENCE OR CROSS-REFERENCE-UNIFORM TITLE HEADING [LOCAL, CANADA]
Uniform title 1653
Holdings
Withdrawn status Lost status Damaged status Not for loan Home library Current library Date acquired Cost, normal purchase price Total Checkouts Full call number Barcode Date last seen Copy number Price effective from Koha item type
        Medical College & Hospital, Sangli Medical College & Hospital, Sangli 28/11/2011 250.00   618.2 KOT/SAL MCS-4269 26/07/2023 1 26/07/2023 Book